Movies Quiz

Random Movies or Clickable Quiz
Score 0/20 Timer 03:00
20 Plays Today
% Correct
Saving Private Ryan
95.6%
Scarface
94.7%
Saturday Night Fever
93.4%
Sherlock Holmes
92.4%
Slumdog Millionaire
90.2%
Shutter Island
88.5%
Schindler's List
86.6%
Silver Linings Playbook
84.8%
Se7en
81.8%
Scrooged
79.6%
% Correct
Scott Pilgrim vs. the World
77.5%
Spaceballs
77.1%
Semi-Pro
71.3%
Sin City
67.3%
S.W.A.T.
62%
Sabrina
57.2%
Stir Crazy
56.2%
Safe House
53.3%
Stakeout
50.6%
Seems Like Old Times
42.1%
Remove Ads.
Support Sporcle.
Get the best of Sporcle when you Go Orange. This ad-free experience offers more features, more stats, and more fun while also helping to support Sporcle. Thank you for becoming a member.

You're not logged in!

Compare scores with friends on all Sporcle quizzes.
OR
Log In

Show Comments

Extras

Top Quizzes Today


Score Distribution

Your Account Isn't Verified!

In order to create a playlist on Sporcle, you need to verify the email address you used during registration. Go to your Sporcle Settings to finish the process.

Report this User

Report this user for behavior that violates our Community Guidelines.

Details: